000 00478nam a2200193Ia 4500
008 151119s9999||||xx |||||||||||||| ||und||
082 _a891.463
082 _bGKKV8758
100 _aमंगेशकर गीता
245 _aअजेय
260 _a--
260 _b--
260 _c0
600 _aमंगेशकर गीता
630 _aअजेय
700 _aमंगेशकर गीता
730 _aअजेय
942 _cBOOK
999 _c1063158
_d1063155